[Event "IIFL Wealth  4th Mumbai Junior U-13"]
[Site "Mumbai"]
[Date "2019.01.06"]
[Round "8"]
[White "Dhanvij Ansh"]
[Black "Sadbhav Rautela"]
[Result "1-0"]
[WhiteElo "1523"]
[BlackElo "1746"]
[Annotator "NA RC"]
[PlyCount "67"]
[EventDate "2018.12.30"]
[EventType "swiss"]
[EventCountry "IND"]
[SourceTitle "playchess.com"]
[Source "ChessBase"]
[SourceQuality "1"]
[TimeControl "40/5400+30:1800+30"]

1. d4 {[%emt 0:00:00]} d5 {[%emt 0:00:00]} 2. c4 {[%emt 0:00:00]} c6 {[%emt 0:00:00]} 3. Nc3 {[%emt 0:00:21]} Nf6 {[%emt 0:00:00]} 4. Nf3 {[%emt 0:00:11]} e6 {[%emt 0:00:00]} 5. g3 {[%emt 0:00:27]} Bd6 {[%emt 0:00:40]} 6. Bg2 {[%emt 0:01:17]} O-O {[%emt 0:00:59]} 7. O-O {[%emt 0:01:20]} Nbd7 {[%emt 0:01:50]} 8. Qd3 {[%emt 0:00:32]} dxc4 {[%emt 0:08:21]} 9. Qxc4 {[%emt 0:00:08]} Qc7 {[%emt 0:00:57]} 10. e4 {[%emt 0:05:29]} e5 {[%emt 0:10:34]} 11. Rd1 {[%emt 0:00:35]} Nb6 {[%emt 0:03:38]} 12. Qe2 {[%emt 0:03:41]} exd4 {[%emt 0:03:26]} 13. Nxd4 {[%emt 0:04:57]} Qe7 {[%emt 0:12:14]} 14. a4 {[%emt 0:03:48]} a5 {[%emt 0:10:08]} 15. Be3 {[%emt 0:03:05]} Bc7 {[%emt 0:02:01]} 16. h3 {[%emt 0:05:24]} Be6 {[%emt 0:09:55]} 17. f4 {[%emt 0:03:34]} Rad8 {[%emt 0:07:32]} 18. Bf2 {[%emt 0:05:42]} Rfe8 {[%emt 0:01:53]} 19. e5 {[%emt 0:02:22]} Nfd5 {[%emt 0:00:21]} 20. Ne4 {[%emt 0:01:43]} Bc8 {[%emt 0:07:10]} 21. Qh5 {[%emt 0:07:21]} f6 {[%emt 0:03:39]} 22. exf6 {[%emt 0:07:15]} Nxf6 {[%emt 0:00:14]} 23. Nxf6+ {[%emt 0:01:44]} Qxf6 {[%emt 0:00:10]} 24. Nf3 {[%emt 0:06:16]} Nd5 {[%emt 0:09:01]} 25. Ng5 {[%emt 0:05:59]} Bf5 {[%emt 0:02:09]} 26. Re1 {[%emt 0:08:27]} Bg6 {[%emt 0:00:37]} 27. Qg4 {[%emt 0:05:24]} Qxb2 {[%emt 0:03:13]} 28. f5 {[%emt 0:02:20]} Bf7 {[%emt 0:01:02]} 29. Nxf7 {[%emt 0:00:28]} Kxf7 {[%emt 0:01:15]} 30. Qh5+ {[%emt 0:00:54]} Kf8 {[%emt 0:01:19]} 31. Bxd5 {[%emt 0:00:51]} Rxe1+ {[%emt 0:00:38]} 32. Rxe1 {[%emt 0:00:09]} cxd5 {[%emt 0:00:02]} 33. Bc5+ {[%emt 0:00:17]} Kg8 {[%emt 0:00:06]} 34. Re8+ 1-0

[Event "IIFL Wealth  4th Mumbai Junior U-13"]
[Site "Mumbai"]
[Date "2019.01.06"]
[Round "8"]
[White "Balkawade Sai"]
[Black "Sai Mahati A"]
[Result "1-0"]
[WhiteElo "1482"]
[BlackElo "1267"]
[Annotator "NA"]
[PlyCount "58"]
[EventDate "2018.12.30"]
[EventType "swiss"]
[EventCountry "IND"]
[SourceTitle "playchess.com"]
[Source "ChessBase"]
[SourceQuality "1"]
[TimeControl "40/5400+30:1800+30"]

1. e4 {[%emt 0:00:00]} e5 {[%emt 0:00:00]} 2. Nf3 {[%emt 0:00:00]} Nc6 {[%emt 0:00:00]} 3. Bc4 {[%emt 0:00:00]} Bc5 {[%emt 0:00:02]} 4. c3 {[%emt 0:04:32]} Nf6 {[%emt 0:00:16]} 5. d3 {[%emt 0:00:14]} d6 {[%emt 0:02:46]} 6. O-O {[%emt 0:02:39]} O-O {[%emt 0:01:16]} 7. Nbd2 {[%emt 0:03:23]} a6 {[%emt 0:01:48]} 8. Bb3 {[%emt 0:01:44]} Ba7 {[%emt 0:01:07]} 9. h3 {[%emt 0:01:37]} Ne7 {[%emt 0:01:58]} 10. Re1 {[%emt 0:02:28]} Ng6 {[%emt 0:00:36]} 11. Nf1 {[%emt 0:01:31]} Nh5 {[%emt 0:04:58]} 12. d4 {[%emt 0:11:48]} Qe8 {[%emt 0:07:46]} 13. N3h2 {[%emt 0:13:16]} Nhf4 {[%emt 0:04:01]} 14. Ng3 {[%emt 0:02:36]} Kh8 {[%emt 0:05:39]} 15. Bc2 {[%emt 0:05:34]} Qc6 {[%emt 0:19:01]} 16. Be3 {[%emt 0:09:00]} Qe8 {[%emt 0:11:57]} 17. Nh5 {[%emt 0:08:41]} Qe7 {[%emt 0:09:25]} 18. Bxf4 {[%emt 0:20:08]} exf4 {[%emt 0:01:46]} 19. Qf3 {[%emt 0:00:55]} Qg5 {[%emt 0:01:12]} 20. g4 {[%emt 0:00:36]} f5 {[%emt 0:07:16]} 21. Kh1 {[%emt 0:02:45]} fxg4 {[%emt 0:01:08]} 22. hxg4 {[%emt 0:00:07]} Nh4 {[%emt 0:00:36]} 23. Qh3 {[%emt 0:00:39]} Qxh5 {[%emt 0:01:01]} 24. e5 {[%emt 0:01:41]} Qh6 {[%emt 0:02:46]} 25. e6 {[%emt 0:02:55]} Bxe6 {[%emt 0:07:03]} 26. Rxe6 {[%emt 0:01:09]} Qxe6 {[%emt 0:00:05]} 27. Qxh4 {[%emt 0:00:05]} Qh6 {[%emt 0:00:30]} 28. Qe7 Bb6 29. Qh4 Ba7 1-0

[Event "IIFL Wealth  4th Mumbai Junior U-13"]
[Site "Mumbai"]
[Date "2019.01.06"]
[Round "8"]
[White "Varshita Jain"]
[Black "Darsh Shetty"]
[Result "1/2-1/2"]
[WhiteElo "1461"]
[BlackElo "1260"]
[Annotator "NA"]
[PlyCount "121"]
[EventDate "2018.12.30"]
[EventType "swiss"]
[EventCountry "IND"]
[SourceTitle "playchess.com"]
[Source "ChessBase"]
[SourceQuality "1"]
[TimeControl "40/5400+30:1800+30"]

1. e4 {[%emt 0:00:00]} c5 {[%emt 0:00:00]} 2. Nf3 {[%emt 0:00:00]} g6 {[%emt 0:00:00]} 3. Be2 {[%emt 0:00:00]} Bg7 {[%emt 0:00:07]} 4. Nc3 {[%emt 0:00:22]} Nc6 {[%emt 0:00:08]} 5. d3 {[%emt 0:02:08]} d6 {[%emt 0:00:15]} 6. Be3 {[%emt 0:01:12]} Nf6 {[%emt 0:00:18]} 7. h3 {[%emt 0:00:46]} a6 {[%emt 0:00:44]} 8. O-O {[%emt 0:02:03]} O-O {[%emt 0:00:26]} 9. Rb1 {[%emt 0:07:51]} b5 {[%emt 0:11:21]} 10. e5 {[%emt 0:08:22]} dxe5 {[%emt 0:07:07]} 11. Bxc5 {[%emt 0:01:31]} Nd7 {[%emt 0:15:04]} 12. Be3 {[%emt 0:05:09]} Nd4 {[%emt 0:00:12]} 13. Ne4 {[%emt 0:11:56]} Nxe2+ {[%emt 0:00:39]} 14. Qxe2 {[%emt 0:00:09]} Nf6 {[%emt 0:05:07]} 15. Nxf6+ {[%emt 0:13:16]} exf6 {[%emt 0:00:28]} 16. Bc5 {[%emt 0:02:58]} Re8 {[%emt 0:02:07]} 17. Rfe1 {[%emt 0:09:23]} Bb7 {[%emt 0:01:46]} 18. Qe3 {[%emt 0:02:13]} e4 {[%emt 0:09:16]} 19. dxe4 {[%emt 0:15:54]} Rxe4 {[%emt 0:02:33]} 20. Qa3 {[%emt 0:04:11]} Rxe1+ {[%emt 0:09:34]} 21. Rxe1 {[%emt 0:00:16]} Rc8 {[%emt 0:01:15]} 22. b4 {[%emt 0:03:16]} Bf8 {[%emt 0:01:09]} 23. Bxf8 {[%emt 0:03:35]} Qxf8 {[%emt 0:00:03]} 24. Qd3 {[%emt 0:02:13]} Bxf3 {[%emt 0:01:39]} 25. Qxf3 {[%emt 0:00:13]} Qxb4 {[%emt 0:00:12]} 26. c3 {[%emt 0:01:04]} Qxc3 {[%emt 0:01:46]} 27. Re3 {[%emt 0:02:15]} Qc1+ {[%emt 0:00:45]} 28. Kh2 {[%emt 0:00:10]} Qc7+ {[%emt 0:00:13]} 29. Kg1 {[%emt 0:00:21]} Qd6 {[%emt 0:00:23]} 30. g3 {[%emt 0:00:14]} Rc1+ {[%emt 0:00:48]} 31. Kg2 {[%emt 0:01:19]} Qc6 {[%emt 0:00:24]} 32. Ra3 {[%emt 0:00:26]} b4 {[%emt 0:03:54]} 33. Qxc6 {[%emt 0:00:27]} Rxc6 {[%emt 0:00:10]} 34. Ra4 {[%emt 0:00:53]} Rb6 {[%emt 0:00:32]} 35. Kf1 {[%emt 0:00:30]} Kf8 {[%emt 0:00:29]} 36. Ke2 {[%emt 0:00:08]} Ke7 {[%emt 0:00:45]} 37. Kd2 {[%emt 0:00:06]} Kd6 {[%emt 0:00:38]} 38. Kc2 {[%emt 0:00:10]} Kc6 {[%emt 0:00:09]} 39. Kb3 {[%emt 0:00:11]} Kb7 {[%emt 0:06:44]} 40. Rxb4 {[%emt 0:00:00]} Rxb4+ {[%emt 0:00:00]} 41. Kxb4 {[%emt 0:00:35]} Kb6 {[%emt 0:01:16]} 42. g4 {[%emt 0:00:28]} g5 {[%emt 0:03:54]} 43. a3 {[%emt 0:05:15]} Kc6 {[%emt 0:04:47]} 44. Kc4 {[%emt 0:01:35]} h6 {[%emt 0:02:35]} 45. f3 {[%emt 0:00:43]} Kb6 {[%emt 0:05:44]} 46. Kb4 {[%emt 0:00:56]} a5+ {[%emt 0:01:50]} 47. Kc4 {[%emt 0:01:41]} Kc6 {[%emt 0:01:07]} 48. a4 {[%emt 0:00:21]} f5 {[%emt 0:00:57]} 49. gxf5 {[%emt 0:01:53]} f6 {[%emt 0:00:27]} 50. Kd4 {[%emt 0:00:25]} h5 {[%emt 0:04:49]} 51. Kc4 {[%emt 0:00:17]} h4 {[%emt 0:00:28]} 52. Kd4 {[%emt 0:00:13]} Kd6 {[%emt 0:00:21]} 53. Kc4 {[%emt 0:00:36]} Ke5 54. Kb5 Kxf5 55. Kxa5 Kf4 56. Kb6 Kg3 57. a5 Kxh3 58. a6 Kg2 59. a7 h3 60. a8=Q h2 61. Qa2+ 1/2-1/2

[Event "IIFL Wealth  4th Mumbai Junior U-13"]
[Site "Mumbai"]
[Date "2019.01.06"]
[Round "8"]
[White "Laddha, Yash Jayesh"]
[Black "Keerthana B"]
[Result "0-1"]
[WhiteElo "1449"]
[BlackElo "1232"]
[Annotator "NA"]
[PlyCount "124"]
[EventDate "2018.12.30"]
[EventType "swiss"]
[EventCountry "IND"]
[SourceTitle "playchess.com"]
[Source "ChessBase"]
[SourceQuality "1"]
[TimeControl "40/5400+30:1800+30"]

1. e4 {[%emt 0:00:00]} e5 {[%emt 0:00:00]} 2. Nf3 {[%emt 0:00:00]} Nc6 {[%emt 0:00:00]} 3. Bb5 {[%emt 0:00:00]} a6 {[%emt 0:00:12]} 4. Ba4 {[%emt 0:00:00]} Nf6 {[%emt 0:00:11]} 5. O-O {[%emt 0:00:00]} Be7 {[%emt 0:00:11]} 6. c3 {[%emt 0:00:29]} d6 {[%emt 0:01:04]} 7. Re1 {[%emt 0:00:09]} b5 {[%emt 0:00:12]} 8. Bc2 {[%emt 0:00:06]} O-O {[%emt 0:00:48]} 9. h3 {[%emt 0:00:06]} Nb8 {[%emt 0:01:22]} 10. d4 {[%emt 0:00:27]} Nbd7 {[%emt 0:00:27]} 11. Nbd2 {[%emt 0:00:56]} c5 {[%emt 0:03:56]} 12. d5 {[%emt 0:00:26]} c4 {[%emt 0:01:52]} 13. a4 {[%emt 0:01:19]} Bb7 {[%emt 0:01:38]} 14. Nf1 {[%emt 0:00:38]} Qc7 {[%emt 0:04:08]} 15. Ng3 {[%emt 0:00:33]} Rfb8 {[%emt 0:01:43]} 16. Be3 {[%emt 0:06:33]} bxa4 {[%emt 0:03:40]} 17. Nf5 {[%emt 0:01:12]} Bf8 {[%emt 0:02:58]} 18. Qe2 {[%emt 0:14:46]} a5 {[%emt 0:15:22]} 19. Bxa4 {[%emt 0:01:59]} Nxe4 {[%emt 0:07:00]} 20. Red1 {[%emt 0:12:04]} Nef6 {[%emt 0:04:25]} 21. Bg5 {[%emt 0:15:23]} Nxd5 {[%emt 0:04:37]} 22. Nd2 {[%emt 0:06:54]} f6 {[%emt 0:06:55]} 23. Be3 {[%emt 0:02:27]} N7b6 {[%emt 0:04:58]} 24. Bxb6 {[%emt 0:12:03]} Nxb6 {[%emt 0:00:57]} 25. Qg4 {[%emt 0:00:54]} d5 {[%emt 0:06:41]} 26. Re1 {[%emt 0:06:30]} Nxa4 {[%emt 0:03:57]} 27. Rxa4 {[%emt 0:00:46]} Bc6 {[%emt 0:00:16]} 28. Ra2 {[%emt 0:00:28]} Rb6 {[%emt 0:02:13]} 29. Re3 {[%emt 0:01:08]} g6 {[%emt 0:01:36]} 30. Nh4 {[%emt 0:02:38]} Bd7 {[%emt 0:01:47]} 31. Qg3 {[%emt 0:01:30]} a4 {[%emt 0:03:45]} 32. Ndf3 {[%emt 0:05:02]} Bh6 {[%emt 0:00:56]} 33. Nd2 {[%emt 0:03:22]} Bxe3 {[%emt 0:01:08]} 34. fxe3 {[%emt 0:00:13]} Rab8 {[%emt 0:03:01]} 35. Nxg6 {[%emt 0:01:54]} hxg6 {[%emt 0:01:33]} 36. Qxg6+ {[%emt 0:00:12]} Kf8 {[%emt 0:00:18]} 37. Qh6+ {[%emt 0:00:49]} Ke7 {[%emt 0:00:37]} 38. Qg7+ {[%emt 0:01:02]} Ke6 {[%emt 0:02:16]} 39. Rxa4 {[%emt 0:01:49]} Rxb2 {[%emt 0:02:32]} 40. Ra6+ {[%emt 0:00:00]} R8b6 {[%emt 0:00:00]} 41. Qg8+ {[%emt 0:02:09]} Kd6 {[%emt 0:03:21]} 42. Qf8+ {[%emt 0:00:46]} Kc6 {[%emt 0:00:25]} 43. Ra5 {[%emt 0:05:23]} R2b5 {[%emt 0:03:40]} 44. Ra4 {[%emt 0:03:24]} Qd6 {[%emt 0:03:30]} 45. Qa8+ {[%emt 0:00:50]} Kc7 {[%emt 0:00:35]} 46. Ra7+ {[%emt 0:06:05]} Rb7 {[%emt 0:00:15]} 47. Ra6 {[%emt 0:02:10]} Qc5 {[%emt 0:00:55]} 48. Rxf6 {[%emt 0:01:25]} Qxe3+ {[%emt 0:00:28]} 49. Kh2 {[%emt 0:00:27]} Qxd2 {[%emt 0:00:45]} 50. Qa6 {[%emt 0:01:39]} R5b6 {[%emt 0:04:02]} 51. Qa5 {[%emt 0:00:57]} Qb2 {[%emt 0:07:02]} 52. Rf7 {[%emt 0:02:24]} Qb5 {[%emt 0:01:12]} 53. Qa3 {[%emt 0:00:42]} d4 {[%emt 0:00:31]} 54. cxd4 {[%emt 0:00:22]} exd4 {[%emt 0:00:23]} 55. Qg3+ {[%emt 0:00:07]} Rd6 {[%emt 0:01:04]} 56. Rf6 {[%emt 0:00:14]} Qd5 {[%emt 0:00:23]} 57. Rf8 {[%emt 0:00:23]} Rb3 {[%emt 0:00:37]} 58. Qf4 {[%emt 0:00:45]} d3 {[%emt 0:00:48]} 59. Rh8 {[%emt 0:00:36]} Rb2 {[%emt 0:00:49]} 60. Qg3 {[%emt 0:00:13]} Qxg2+ {[%emt 0:00:11]} 61. Qxg2 {[%emt 0:00:23]} Rxg2+ {[%emt 0:00:08]} 62. Kxg2 {[%emt 0:00:05]} d2 0-1

[Event "IIFL Wealth  4th Mumbai Junior U-13"]
[Site "Mumbai"]
[Date "2019.01.06"]
[Round "8"]
[White "Kriti Mayur Patel"]
[Black "Bulsara Yazaan"]
[Result "1-0"]
[WhiteElo "1439"]
[BlackElo "1244"]
[Annotator "NA"]
[PlyCount "116"]
[EventDate "2018.12.30"]
[EventType "swiss"]
[EventCountry "IND"]
[SourceTitle "playchess.com"]
[Source "ChessBase"]
[SourceQuality "1"]
[TimeControl "40/5400+30:1800+30"]

1. e4 {[%emt 0:00:00]} e5 {[%emt 0:00:00]} 2. Nf3 {[%emt 0:00:00]} Nc6 {[%emt 0:00:00]} 3. Bc4 {[%emt 0:00:00]} Bc5 {[%emt 0:00:11]} 4. c3 {[%emt 0:00:00]} Nf6 {[%emt 0:00:06]} 5. d3 {[%emt 0:00:00]} h6 {[%emt 0:00:15]} 6. Nbd2 {[%emt 0:00:14]} a6 {[%emt 0:00:09]} 7. Bb3 {[%emt 0:00:06]} O-O {[%emt 0:00:22]} 8. h3 {[%emt 0:00:07]} Re8 {[%emt 0:00:26]} 9. Nf1 {[%emt 0:00:30]} d5 {[%emt 0:01:14]} 10. Qe2 {[%emt 0:00:43]} dxe4 {[%emt 0:02:46]} 11. dxe4 {[%emt 0:00:32]} Be6 {[%emt 0:01:36]} 12. Ng3 {[%emt 0:01:01]} Qd7 {[%emt 0:07:29]} 13. Bc2 {[%emt 0:05:38]} Rad8 {[%emt 0:02:35]} 14. Nh4 {[%emt 0:01:06]} b5 {[%emt 0:00:50]} 15. Qf3 {[%emt 0:07:34]} Bc4 {[%emt 0:13:13]} 16. Ngf5 {[%emt 0:02:33]} Kh7 {[%emt 0:11:15]} 17. Nxh6 {[%emt 0:07:45]} gxh6 {[%emt 0:00:53]} 18. Qxf6 {[%emt 0:00:31]} Re6 {[%emt 0:00:39]} 19. Qf5+ {[%emt 0:03:06]} Kh8 {[%emt 0:04:43]} 20. Qh5 {[%emt 0:02:31]} Bf8 {[%emt 0:01:24]} 21. Nf5 {[%emt 0:03:36]} Kh7 {[%emt 0:01:07]} 22. Be3 {[%emt 0:02:01]} Nb4 {[%emt 0:00:59]} 23. Qd1 {[%emt 0:08:52]} Nxc2+ {[%emt 0:06:02]} 24. Qxc2 {[%emt 0:01:04]} Bd3 {[%emt 0:00:20]} 25. Qd1 {[%emt 0:08:57]} Bxe4 {[%emt 0:00:26]} 26. Qg4 {[%emt 0:02:13]} Qd3 {[%emt 0:04:56]} 27. Nh4 {[%emt 0:01:50]} Red6 {[%emt 0:04:24]} 28. Qh5 {[%emt 0:02:51]} Qc2 {[%emt 0:04:10]} 29. Qxf7+ {[%emt 0:01:28]} Bg7 {[%emt 0:00:06]} 30. O-O {[%emt 0:00:50]} R8d7 {[%emt 0:01:42]} 31. Qh5 {[%emt 0:04:42]} Qxb2 {[%emt 0:01:05]} 32. Nf5 {[%emt 0:01:59]} Bxf5 {[%emt 0:02:25]} 33. Qxf5+ {[%emt 0:01:18]} Kg8 {[%emt 0:00:33]} 34. Bc5 {[%emt 0:02:35]} Rf7 {[%emt 0:03:05]} 35. Qc8+ {[%emt 0:00:50]} Bf8 {[%emt 0:07:42]} 36. Bxd6 {[%emt 0:00:37]} cxd6 {[%emt 0:00:13]} 37. Qxa6 {[%emt 0:00:46]} Rxf2 {[%emt 0:04:44]} 38. Rxf2 {[%emt 0:02:28]} Qxa1+ {[%emt 0:00:02]} 39. Kh2 {[%emt 0:00:13]} Qe1 {[%emt 0:04:54]} 40. Rf3 {[%emt 0:00:00]} e4 {[%emt 0:00:00]} 41. Rg3+ {[%emt 0:04:37]} Kf7 {[%emt 0:01:35]} 42. Qb7+ {[%emt 0:03:41]} Be7 {[%emt 0:02:33]} 43. Qd5+ {[%emt 0:01:21]} Kf6 {[%emt 0:01:05]} 44. Qxb5 {[%emt 0:00:28]} Ke6 {[%emt 0:01:08]} 45. Rg6+ {[%emt 0:02:01]} Bf6 {[%emt 0:01:11]} 46. Qc4+ {[%emt 0:01:53]} Kf5 {[%emt 0:00:58]} 47. Qf7 {[%emt 0:02:01]} Qxc3 {[%emt 0:00:52]} 48. g4+ {[%emt 0:00:25]} Kf4 {[%emt 0:01:14]} 49. Qxf6+ {[%emt 0:00:08]} Qxf6 {[%emt 0:00:18]} 50. Rxf6+ {[%emt 0:00:04]} Ke5 {[%emt 0:00:19]} 51. Rf1 {[%emt 0:00:33]} d5 {[%emt 0:00:04]} 52. a4 {[%emt 0:00:25]} d4 {[%emt 0:00:21]} 53. a5 {[%emt 0:00:14]} d3 {[%emt 0:00:19]} 54. a6 {[%emt 0:00:21]} d2 {[%emt 0:00:35]} 55. a7 {[%emt 0:00:17]} e3 {[%emt 0:00:26]} 56. a8=Q {[%emt 0:00:11]} e2 {[%emt 0:00:13]} 57. Qe8+ {[%emt 0:00:04]} Kd4 {[%emt 0:00:19]} 58. Qxe2 {[%emt 0:00:07]} Kd5 1-0

[Event "IIFL Wealth  4th Mumbai Junior U-13"]
[Site "Mumbai"]
[Date "2019.01.06"]
[Round "8"]
[White "Dande Vyankatesh S"]
[Black "Vegi Bhavishnu Sai Sivaji"]
[Result "1-0"]
[WhiteElo "1418"]
[BlackElo "1225"]
[Annotator "NA"]
[PlyCount "83"]
[EventDate "2018.12.30"]
[EventType "swiss"]
[EventCountry "IND"]
[SourceTitle "playchess.com"]
[Source "ChessBase"]
[SourceQuality "1"]
[TimeControl "40/5400+30:1800+30"]

1. e4 {[%emt 0:00:00]} c5 {[%emt 0:00:00]} 2. Nf3 {[%emt 0:00:00]} d6 {[%emt 0:00:00]} 3. d4 {[%emt 0:00:00]} cxd4 {[%emt 0:00:00]} 4. Nxd4 {[%emt 0:00:00]} Nf6 {[%emt 0:00:00]} 5. Nc3 {[%emt 0:00:00]} g6 {[%emt 0:00:08]} 6. f4 {[%emt 0:00:05]} Bg7 {[%emt 0:02:02]} 7. e5 {[%emt 0:00:07]} Ng8 {[%emt 0:26:37]} 8. Bb5+ {[%emt 0:03:29]} Bd7 {[%emt 0:00:19]} 9. e6 {[%emt 0:00:14]} Bxb5 {[%emt 0:00:36]} 10. exf7+ {[%emt 0:00:26]} Kxf7 {[%emt 0:00:16]} 11. Ndxb5 {[%emt 0:00:17]} Nf6 {[%emt 0:02:37]} 12. O-O {[%emt 0:00:28]} a6 {[%emt 0:01:17]} 13. Na3 {[%emt 0:00:19]} e6 {[%emt 0:02:07]} 14. Nc4 {[%emt 0:01:42]} d5 {[%emt 0:11:31]} 15. Ne5+ {[%emt 0:01:59]} Ke7 {[%emt 0:00:55]} 16. Be3 {[%emt 0:08:01]} Nbd7 {[%emt 0:00:26]} 17. Qd4 {[%emt 0:04:30]} a5 {[%emt 0:13:09]} 18. Nb5 {[%emt 0:06:56]} Rg8 {[%emt 0:08:28]} 19. Qc3 {[%emt 0:00:36]} Ne4 {[%emt 0:04:31]} 20. Qa3+ {[%emt 0:00:36]} Ke8 {[%emt 0:00:56]} 21. Bd4 {[%emt 0:12:51]} Rc8 {[%emt 0:16:35]} 22. Qh3 {[%emt 0:01:01]} Nf8 {[%emt 0:01:50]} 23. Qa3 {[%emt 0:04:34]} Nd7 24. Rae1 {[%emt 0:04:24]} Ndc5 {[%emt 0:03:24]} 25. Rxe4 {[%emt 0:04:50]} Nxe4 {[%emt 0:00:19]} 26. Qh3 {[%emt 0:00:12]} Qe7 {[%emt 0:00:41]} 27. Qxh7 {[%emt 0:00:19]} Rh8 {[%emt 0:00:29]} 28. Qxg6+ {[%emt 0:00:19]} Kf8 {[%emt 0:00:28]} 29. f5 {[%emt 0:02:05]} Nf6 {[%emt 0:01:08]} 30. fxe6 {[%emt 0:00:51]} Rd8 {[%emt 0:00:34]} 31. Nd7+ {[%emt 0:01:13]} Rxd7 {[%emt 0:00:14]} 32. exd7 {[%emt 0:00:10]} Rh6 {[%emt 0:00:18]} 33. Rxf6+ {[%emt 0:01:13]} Bxf6 {[%emt 0:00:47]} 34. Qxh6+ {[%emt 0:00:10]} Kg8 {[%emt 0:00:22]} 35. Qg6+ {[%emt 0:00:10]} Kf8 {[%emt 0:00:09]} 36. Qxf6+ {[%emt 0:00:08]} Qxf6 {[%emt 0:00:05]} 37. Bxf6 {[%emt 0:00:05]} Kf7 {[%emt 0:00:04]} 38. d8=Q {[%emt 0:00:09]} Kg6 {[%emt 0:00:06]} 39. Nd4 {[%emt 0:00:07]} Kf7 {[%emt 0:00:07]} 40. Qe7+ {[%emt 0:00:00]} Kg6 {[%emt 0:00:00]} 41. Qg7+ {[%emt 0:00:05]} Kh5 {[%emt 0:00:17]} 42. Qg5# {[%emt 0:00:03]} 1-0

[Event "IIFL Wealth  4th Mumbai Junior U-13"]
[Site "Mumbai"]
[Date "2019.01.06"]
[Round "8"]
[White "Amrit Raunak"]
[Black "Jain Aryan S"]
[Result "1/2-1/2"]
[WhiteElo "1410"]
[BlackElo "1115"]
[Annotator "NA"]
[PlyCount "77"]
[EventDate "2018.12.30"]
[EventType "swiss"]
[EventCountry "IND"]
[SourceTitle "playchess.com"]
[Source "ChessBase"]
[SourceQuality "1"]
[TimeControl "40/5400+30:1800+30"]

1. e4 {[%emt 0:00:00]} e5 {[%emt 0:00:00]} 2. Nf3 {[%emt 0:00:00]} Nc6 {[%emt 0:00:00]} 3. Bc4 {[%emt 0:00:00]} Be7 {[%emt 0:00:00]} 4. O-O {[%emt 0:00:00]} Nf6 {[%emt 0:00:00]} 5. d3 {[%emt 0:00:00]} O-O {[%emt 0:00:00]} 6. Nc3 {[%emt 0:00:03]} d6 {[%emt 0:00:01]} 7. h3 {[%emt 0:00:04]} Be6 {[%emt 0:00:09]} 8. Bb3 {[%emt 0:00:03]} Qd7 {[%emt 0:00:31]} 9. Nh2 {[%emt 0:00:24]} d5 {[%emt 0:00:49]} 10. exd5 {[%emt 0:00:52]} Nxd5 {[%emt 0:00:28]} 11. Bxd5 {[%emt 0:00:08]} Bxd5 {[%emt 0:00:06]} 12. f4 {[%emt 0:01:16]} Bc5+ {[%emt 0:03:12]} 13. Kh1 {[%emt 0:00:17]} exf4 {[%emt 0:01:10]} 14. Bxf4 {[%emt 0:00:09]} Ne7 {[%emt 0:06:27]} 15. Qg4 {[%emt 0:08:18]} Qxg4 {[%emt 0:01:09]} 16. Nxg4 {[%emt 0:00:18]} c6 {[%emt 0:00:58]} 17. Bg3 {[%emt 0:03:29]} Bd4 {[%emt 0:07:24]} 18. Nxd5 {[%emt 0:00:48]} Nxd5 {[%emt 0:02:46]} 19. c3 {[%emt 0:00:08]} Bc5 {[%emt 0:00:28]} 20. Ne5 {[%emt 0:02:18]} Bd6 {[%emt 0:03:10]} 21. Bh2 {[%emt 0:00:12]} Rad8 {[%emt 0:00:35]} 22. Nc4 Bxh2 23. Kxh2 Rfe8 24. Rae1 f6 25. Na5 Rxe1 26. Rxe1 Nf4 27. d4 Rd7 28. Nb3 Kf7 29. Nc5 Rc7 30. g3 Nd5 31. Kg2 b6 32. Nd3 g5 33. Kf3 h5 34. Nf2 Ne7 35. Ne4 Nc8 36. Kg2 Re7 37. Re3 Kg6 38. Kf3 f5 39. Kf2 1/2-1/2

[Event "IIFL Wealth  4th Mumbai Junior U-13"]
[Site "Mumbai"]
[Date "2019.01.06"]
[Round "8"]
[White "Manavalan, Siddharth Krishna"]
[Black "Shreyas Ravindra Patil"]
[Result "1-0"]
[WhiteElo "1406"]
[BlackElo "1110"]
[Annotator "NA"]
[PlyCount "99"]
[EventDate "2018.12.30"]
[EventType "swiss"]
[EventCountry "IND"]
[SourceTitle "playchess.com"]
[Source "ChessBase"]
[SourceQuality "1"]
[TimeControl "40/5400+30:1800+30"]

1. Nf3 {[%emt 0:00:00]} c5 {[%emt 0:00:00]} 2. g3 {[%emt 0:00:24]} d5 {[%emt 0:00:00]} 3. Bg2 {[%emt 0:00:12]} Nf6 {[%emt 0:00:03]} 4. d3 {[%emt 0:00:23]} Nc6 {[%emt 0:00:15]} 5. O-O {[%emt 0:00:34]} Bf5 {[%emt 0:00:09]} 6. c4 {[%emt 0:00:21]} dxc4 {[%emt 0:00:55]} 7. dxc4 {[%emt 0:00:11]} e6 {[%emt 0:00:32]} 8. Bf4 {[%emt 0:00:29]} Be7 {[%emt 0:01:36]} 9. Nc3 {[%emt 0:00:46]} a6 {[%emt 0:00:54]} 10. Ne5 {[%emt 0:00:57]} Nxe5 {[%emt 0:02:06]} 11. Bxe5 {[%emt 0:00:18]} O-O {[%emt 0:04:55]} 12. Bxb7 {[%emt 0:00:27]} Ra7 {[%emt 0:01:09]} 13. Bg2 {[%emt 0:00:44]} Ng4 {[%emt 0:04:39]} 14. Bf4 {[%emt 0:02:01]} Rd7 {[%emt 0:11:43]} 15. Qa4 {[%emt 0:02:02]} Bd6 {[%emt 0:11:26]} 16. Bxd6 {[%emt 0:01:35]} Rxd6 {[%emt 0:03:35]} 17. Rad1 {[%emt 0:02:03]} Rxd1 {[%emt 0:06:49]} 18. Rxd1 {[%emt 0:00:02]} Qb6 {[%emt 0:00:13]} 19. b3 {[%emt 0:00:51]} h6 {[%emt 0:02:14]} 20. Qc6 {[%emt 0:00:33]} Qa5 {[%emt 0:02:29]} 21. Na4 {[%emt 0:01:12]} Bc2 {[%emt 0:04:24]} 22. Ra1 {[%emt 0:01:03]} Qd2 {[%emt 0:02:02]} 23. Bf3 {[%emt 0:00:43]} Qd4 {[%emt 0:01:16]} 24. Rf1 {[%emt 0:00:53]} Ne5 {[%emt 0:01:49]} 25. Qxc5 {[%emt 0:00:28]} Nxf3+ {[%emt 0:06:45]} 26. exf3 {[%emt 0:00:23]} Qxc5 {[%emt 0:00:41]} 27. Nxc5 {[%emt 0:00:03]} a5 {[%emt 0:00:09]} 28. Rc1 {[%emt 0:00:56]} Bg6 {[%emt 0:02:04]} 29. Nb7 {[%emt 0:01:30]} Ra8 {[%emt 0:02:42]} 30. c5 {[%emt 0:00:02]} e5 {[%emt 0:00:18]} 31. c6 Bf5 {[%emt 0:00:40]} 32. c7 {[%emt 0:00:37]} Bc8 {[%emt 0:02:30]} 33. Rd1 {[%emt 0:00:44]} Ra7 {[%emt 0:00:50]} 34. Rd8+ {[%emt 0:00:20]} Kh7 {[%emt 0:00:26]} 35. Rxc8 {[%emt 0:00:03]} Rxb7 {[%emt 0:00:04]} 36. Rh8+ {[%emt 0:00:05]} Kxh8 {[%emt 0:00:22]} 37. c8=Q+ {[%emt 0:00:07]} Kh7 {[%emt 0:00:05]} 38. Qxb7 {[%emt 0:00:06]} Kg6 {[%emt 0:00:22]} 39. Qb6+ {[%emt 0:00:09]} Kf5 {[%emt 0:00:10]} 40. Qxa5 {[%emt 0:00:00]} f6 {[%emt 0:00:00]} 41. b4 {[%emt 0:00:35]} g5 {[%emt 0:00:19]} 42. b5 {[%emt 0:00:10]} h5 {[%emt 0:00:07]} 43. b6 {[%emt 0:00:13]} h4 {[%emt 0:00:05]} 44. g4+ {[%emt 0:00:12]} Kf4 {[%emt 0:00:18]} 45. Qa3 {[%emt 0:00:26]} e4 {[%emt 0:00:08]} 46. b7 {[%emt 0:00:20]} Ke5 {[%emt 0:00:16]} 47. b8=Q+ {[%emt 0:00:11]} Ke6 {[%emt 0:00:07]} 48. Qad6+ {[%emt 0:00:26]} Kf7 {[%emt 0:00:12]} 49. Qbc7+ {[%emt 0:00:08]} Kg6 {[%emt 0:00:09]} 50. Qf8 {[%emt 0:00:23]} 1-0